000 00421nam a2200181Ia 4500
005 20250603145512.0
008 250603s9999 xx 000 0 und d
020 _a9789351381389
050 _aTP 692.3 .M34/
100 _aMall, I. D.
245 0 _aPetrochemical process technology
260 _aNew Delhi
260 _bMacmillan India
260 _c2016
300 _a586 p
650 _aNew Delhi
942 _cBK
999 _c42045
_d42045